Dějiny hrnčířství v České Lípě

Titel: Dějiny hrnčířství v České Lípě
Verfasser:
Beteiligt:
In: Bezděz, Band 9 (2000), Seite 5-41
alle Artikel anzeigen
Veröffentlicht: 2000
Format: Aufsatz
Sprache: Tschechisch
Kein Bild verfügbar
X
alg: 39306990
001A    $01999:11-11-16 
001B    $01999:28-04-17 $t15:31:12.000 
001C    $06050:19-11-16 $t22:31:02.000 
001D    $01999:11-11-16 
001U    $0utf8 
001X    $00 
002@    $0Aox 
003@    $0393069907 
007A    $0393069907 $aHEB 
007T    $0Herdp21790 
010@    $acze 
011@    $a2000 
021A    $aDějiny hrnčířství v České Lípě 
028A    $aGabriel $dFrantišek 
028B/01 $aPanáček $dJaroslav 
031A    $d9 $h5-41 $j2000 
037A    $aRés. něm. s. 27-28: Geschichte des Töpferhandwerks in Česká Lípa 
039B    $aIn $8--Abvc--. Bezděz. - Česká Lípa, 1990-. - ISSN 1211-9172 $x200000000090000995 $905908720X 
045T    $a7,41 

lok: 39306990 78

exp: 39306990 78 1 #EPN
201B/01 $002-07-21 $t00:06:33.000 
201U/01 $0utf8 
203@/01 $0789180227 
208@/01 $a11-11-16 $be 
209A/01 $a/ $f000 $x00 
220C/01 $aHerkunft: Hú Av Čr Praha 
244Z/01 $#Tschechien $#Tschechische Republik $#Tschechische Republik $#Tschechenland $#Tschechei Tschechien $#Česká Republika $#Czech Republic $#ČR $74303381-7 $8--Tg1--Tschechien $x01 $9086659812 
244Z/01 $2Trx $#Böhmen $#Bohemia $#Czechy $8--Trx--Čechy $x02 $9391188941 
244Z/01 $7117945-7 $8--Tg1--Česká Lípa $x03 $9040686248 
244Z/01 $aGeschichte 1250-1924 $x04 
244Z/01 $2Trx $#pottsepatöö $#puodininkystė $#pottery $#fazekasság $#garncarstwo $#hrnčiarstvo $#řemeslo, hrnčířství $8--Trx--Töpferei $x05 $9391374443 
244Z/01 $2Trx $#allikmaterial $#šaltiniai $#Source material, historical $#források $#źródła $#pramene $#prameny $8--Trx--Quellen $x06 $9391358375 
244Z/01 $2Trx $#allikmaterial $#šaltiniai $#Source material, historical $#források $#źródła $#pramene $#prameny $8--Trx--Quellen $x07 $9391358375 
244Z/01 $2Trx $8--Trx--Zeitschriftenaufsatz $x08 $9391384341 
247C/01 $82080>Marburg/Lahn, Herder-Institut, Forschungsbibliothek, Bibliographieportal $9336309341
LEADER 00000caa a22000002c 4500
001 393069907
003 DE-603
005 20170428153112.0
007 tu
008 161111s2000 xx |||| | u00||u|cze c
035 |a (DE-599)HEB393069907 
040 |a DE-603  |b ger  |c DE-603  |d DE-603 
041 |a cze 
084 |a 7,41  |2 ssgn 
100 1 |a Gabriel, František 
245 0 0 |a Dějiny hrnčířství v České Lípě 
264 0 |c 2000 
500 |a Rés. něm. s. 27-28: Geschichte des Töpferhandwerks in Česká Lípa 
700 1 |a Panáček, Jaroslav 
773 0 8 |i In  |t Bezděz  |d Česká Lípa, 1990-  |x 1211-9172  |g Band 9 (2000), Seite 5-41  |w (DE-603)05908720X  |w (DE-600)1136222-4 
924 0 |9 2080  |a (DE-603)789180227  |b DE-2080  |c HES  |d d  |g /